000 00742nam a22002057a 4500
005 20251108173121.0
008 250721s2004 xx 000 0 ara d
082 1 4 _a791.4/كلا
100 1 _aالكلالده، طاهر محمود
245 1 0 _aإستراتيجية إنتاج و إخراج البرامج الإذاعية و التلفزيونية و أثرها على المجتمع /
264 1 _aعمان :
_bمؤسسة البلسم للنشر و التوزيع،
_c2004.
300 _a122ص.
650 1 7 _aالإذاعة
650 1 7 _aالتلفزيون
650 1 7 _aالبرامج الإذاعية
650 1 7 _aبرامج البث
650 1 7 _aالإخراج التلفزيوني
942 _2ddc
_cBK
999 _c96441
_d96441